000 00882nam a2200253Ia 4500
003 OSt
005 20220923211630.0
006 a|||||r|||| 00| 0
007 ta
008 220922b |||||||| |||| 00| 0 hin d
024 _a34,325
037 _cTextual
040 _aARTS
_cARTS
_bhin
041 _2hin
_ahin
082 _aO15,2D81,11, 152J4-1;1-;2
100 _aसिंह, सत्यव्रत
_9156272
245 0 _aमुद्राराक्षस-नाटकम्
246 _aMudrārākṣhasa-nāṭakam
260 _aवाराणसी
_b चौखम्बा संस्कृत सीरीज
_c1954
300 _a344पृ.
_ccm.
650 _aहिन्दी साहित्य
_9156264
942 _hO15,2D81,11, 152J4-1;1-;2
_cTEXL
_2CC
999 _c301770
_d301770